Une lettre suffit pour répondre juste #89 (attention 10 lettres tuent) - Statistiques

Statistiques générales
  • Ce quiz a été pris 88 fois
  • Le résultat moyen est 3 sur 6
Statistiques - réponses
Hint Réponse % Correct
Donne une des 5 lettres de la traduction de baleine en anglais WHALE
100%
Donne une des 4 lettres qui complète le nom du média en ligne français fondé à Paris en 2008 qui a ce logo : _ _ _ _ INI
KONB
89%
Donne une des 3 lettres du mot qui : - est le nom d'une île du Danemark
- est un mot signifiant « taux » en vieux français - est le contraire de contre en allemand - complète le nom de ce film de 2007 avec Nicole Kidman et Robert Downey Jr. " _ _ _ : Un portrait imaginaire de Diane Arbus"
FUR
31%
Donne une des 2 lettres de l'abrégé du document détaillant le parcours et les compétences acquises d'un individu durant les dernières années CV
28%
Donne la dernière lettre du nom de ce personnage de l'album Astérix et les Normands
X (Goudurix, Neveu d'Abraracourcix)
24%
Donne la lettre qui est prononcé deux fois de suite pour désigner ce footballeur portugais (en tout cas à la française)
P (Pepe)
21%
Aucun quiz correspondant
Distribution des résultats
% des personnes avec chaque résultat
Percentile par nombre de réponses
Votre historique - résultats
Vous n’avez pas pris ce quiz